Normal view
MARC view
- Pakistan -- Civilization -- Pictorial works
Entry Topical Term
001 - CONTROL NUMBER
- control field: 88494
003 - CONTROL NUMBER IDENTIFIER
- control field: NUST
005 - DATE AND TIME OF LATEST TRANSACTION
- control field: 20220119095919.0
008 - FIXED-LENGTH DATA ELEMENTS
- fixed length control field: 220119|| aca||aabn | a|a d
040 ## - CATALOGING SOURCE
- Original cataloging agency: NUST
- Transcribing agency: NUST
150 ## - HEADING--TOPICAL TERM
- Topical term or geographic name entry element: Pakistan -- Civilization -- Pictorial works
670 ## - SOURCE DATA FOUND
- Source citation: Work cat.: (NUST)587607: Fouzia Saeed 88379, Folk Heritage of Pakistan : Glimpses into A Diverse Culture, 2018.
